[Event "World Chess Olympiad 2018"]
[Site "Batumi"]
[Date "2018.09.24"]
[Round "1"]
[Board "1"]
[WhiteFideId "1170546"]
[White "Duda Jan-Krzysztof"]
[BlackFideId "7300069"]
[Black "Reyes Najera Carlos A."]
[Result "1-0"]
[LiveChessVersion "1.4.8"]
[BlackElo "2149"]
[WhiteElo "2739"]

1. d4 {[%clk 1:30:55]} d5 {[%clk 1:30:39]} 2. c4 {[%clk 1:31:17]} dxc4
{[%clk 1:30:36]} 3. e4 {[%clk 1:31:41]} Nf6 {[%clk 1:30:45]} 4. e5
{[%clk 1:32:04]} Nd5 {[%clk 1:31:07]} 5. Bxc4 {[%clk 1:32:30]} Nb6
{[%clk 1:31:28]} 6. Bb3 {[%clk 1:32:53]} e6 {[%clk 1:22:59]} 7. Nf3
{[%clk 1:30:57]} c5 {[%clk 1:23:10]} 8. O-O {[%clk 1:30:34]} Nc6 {[%clk 1:23:36]}
9. Bg5 {[%clk 1:30:01]} Be7 {[%clk 1:17:11]} 10. Bxe7 {[%clk 1:29:30]} Qxe7
{[%clk 1:17:26]} 11. Nc3 {[%clk 1:29:52]} cxd4 {[%clk 1:13:17]} 12. Nxd4
{[%clk 1:26:54]} Nxd4 {[%clk 1:12:59]} 13. Qxd4 {[%clk 1:27:17]} O-O
{[%clk 1:13:20]} 14. Rad1 {[%clk 1:26:59]} Bd7 {[%clk 1:13:35]} 15. Rd3
{[%clk 1:20:01]} Bc6 {[%clk 1:11:21]} 16. Rg3 {[%clk 1:18:50]} Rfd8
{[%clk 1:09:26]} 17. Qg4 {[%clk 1:15:16]} g6 {[%clk 1:07:27]} 18. Qf4
{[%clk 1:15:03]} Nd5 {[%clk 0:54:28]} 19. Bxd5 {[%clk 1:15:02]} Bxd5
{[%clk 0:54:51]} 20. Rh3 {[%clk 1:10:28]} Qf8 {[%clk 0:53:16]} 21. Nd1
{[%clk 1:09:01]} Qg7 {[%clk 0:42:25]} 22. Ne3 {[%clk 1:08:19]} h5
{[%clk 0:29:58]} 23. b3 {[%clk 1:05:10]} Bc6 {[%clk 0:25:06]} 24. Re1
{[%clk 0:47:37]} b5 {[%clk 0:14:59]} 25. Nf1 {[%clk 0:46:57]} g5 {[%clk 0:09:25]}
26. Qc1 {[%clk 0:46:27]} Rac8 {[%clk 0:07:54]} 27. Rxh5 {[%clk 0:46:25]} Be4
{[%clk 0:02:24]} 28. Rxg5 {[%clk 0:46:29]} Rxc1 {[%clk 0:02:46]} 29. Rxg7+
{[%clk 0:46:53]} Kxg7 {[%clk 0:03:02]} 30. Rxc1 {[%clk 0:47:19]} Rd5
{[%clk 0:03:04]} 31. f4 {[%clk 0:47:03]} a5 {[%clk 0:02:46]} 32. Kf2
{[%clk 0:46:44]} a4 {[%clk 0:02:04]} 33. bxa4 {[%clk 0:46:56]} bxa4
{[%clk 0:02:27]} 34. Rc4 {[%clk 0:47:20]} 1-0

[Event "World Chess Olympiad 2018"]
[Site "Batumi"]
[Date "2018.09.24"]
[Round "1"]
[Board "2"]
[WhiteFideId "7300662"]
[White "Cu Hor Winston Darwin"]
[BlackFideId "1130420"]
[Black "Piorun Kacper"]
[Result "0-1"]
[LiveChessVersion "1.4.8"]
[BlackElo "2612"]
[WhiteElo "2319"]

1. Nf3 {[%clk 1:30:55]} d5 {[%clk 1:30:49]} 2. c4 {[%clk 1:31:18]} d4
{[%clk 1:31:16]} 3. e3 {[%clk 1:31:10]} Nc6 {[%clk 1:31:39]} 4. d3
{[%clk 1:26:27]} Nf6 {[%clk 1:29:11]} 5. Be2 {[%clk 1:26:20]} g6 {[%clk 1:27:24]}
6. O-O {[%clk 1:26:11]} Bg7 {[%clk 1:27:51]} 7. e4 {[%clk 1:26:03]} O-O
{[%clk 1:27:09]} 8. Na3 {[%clk 1:23:54]} Nd7 {[%clk 1:23:02]} 9. Rb1
{[%clk 1:24:11]} a5 {[%clk 1:20:17]} 10. Nb5 {[%clk 1:20:53]} e5 {[%clk 1:20:40]}
11. b3 {[%clk 1:19:54]} Nc5 {[%clk 1:20:30]} 12. Re1 {[%clk 1:12:19]} Nb4
{[%clk 1:15:55]} 13. a3 {[%clk 1:03:28]} Nba6 {[%clk 1:16:21]} 14. a4
{[%clk 0:49:05]} Nb4 {[%clk 1:05:52]} 15. Bf1 {[%clk 0:45:47]} Re8
{[%clk 0:59:19]} 16. Rb2 {[%clk 0:33:43]} Qe7 {[%clk 0:58:35]} 17. Na3
{[%clk 0:31:45]} Ncxd3 {[%clk 0:57:55]} 18. Bxd3 {[%clk 0:29:48]} Nxd3
{[%clk 0:56:51]} 19. Qxd3 {[%clk 0:30:12]} Qxa3 {[%clk 0:57:16]} 20. Rc2
{[%clk 0:26:49]} Qc5 {[%clk 0:57:05]} 21. Nd2 {[%clk 0:22:45]} f5
{[%clk 0:53:44]} 22. f3 {[%clk 0:22:49]} Ra6 {[%clk 0:53:36]} 23. Nf1
{[%clk 0:22:29]} fxe4 {[%clk 0:45:44]} 24. fxe4 {[%clk 0:22:51]} Rf6
{[%clk 0:43:33]} 25. Ree2 {[%clk 0:17:37]} Be6 {[%clk 0:39:49]} 26. Ra2
{[%clk 0:13:53]} Ref8 {[%clk 0:32:15]} 27. Ng3 {[%clk 0:13:41]} Qc6
{[%clk 0:30:29]} 28. Rf2 {[%clk 0:10:46]} Qd7 {[%clk 0:30:02]} 29. Rxf6
{[%clk 0:10:27]} Bxf6 {[%clk 0:30:11]} 30. Rf2 {[%clk 0:09:37]} Qe7
{[%clk 0:28:33]} 31. Bd2 {[%clk 0:09:28]} b6 {[%clk 0:28:30]} 32. Ne2
{[%clk 0:08:59]} c6 {[%clk 0:27:17]} 33. Nc1 {[%clk 0:08:38]} Rb8
{[%clk 0:26:55]} 34. Qf3 {[%clk 0:07:50]} Bg7 {[%clk 0:26:54]} 35. Qg3
{[%clk 0:07:10]} b5 {[%clk 0:22:47]} 36. cxb5 {[%clk 0:04:48]} cxb5
{[%clk 0:23:11]} 37. Bxa5 {[%clk 0:04:17]} bxa4 {[%clk 0:21:08]} 38. bxa4
{[%clk 0:04:19]} Qa7 {[%clk 0:15:47]} 39. Bd2 {[%clk 0:04:11]} Qxa4
{[%clk 0:16:10]} 40. h3 {[%clk 0:33:50]} Qc6 {[%clk 0:45:07]} 41. Qh4
{[%clk 0:29:56]} Bc4 {[%clk 0:41:58]} 42. Kh2 {[%clk 0:28:35]} Re8
{[%clk 0:37:04]} 43. Bg5 {[%clk 0:24:30]} Qe6 {[%clk 0:31:06]} 44. Rb2
{[%clk 0:23:20]} Qd7 {[%clk 0:27:53]} 45. Rb4 {[%clk 0:17:56]} Rc8
{[%clk 0:27:40]} 46. Rb6 {[%clk 0:17:57]} Bf8 {[%clk 0:24:54]} 47. Qg3
{[%clk 0:14:30]} d3 {[%clk 0:17:24]} 48. Rb2 {[%clk 0:11:35]} Qd4
{[%clk 0:16:01]} 49. Qg4 {[%clk 0:11:42]} Re8 {[%clk 0:14:05]} 50. Rb7
{[%clk 0:09:46]} d2 {[%clk 0:11:54]} 51. Rd7 {[%clk 0:04:09]} dxc1=Q
{[%clk 0:12:09]} 0-1

[Event "World Chess Olympiad 2018"]
[Site "Batumi"]
[Date "2018.09.24"]
[Round "1"]
[Board "3"]
[WhiteFideId "1124668"]
[White "Tomczak Jacek"]
[BlackFideId "7300220"]
[Black "Ortiz Q Johnny Alexander"]
[Result "1-0"]
[LiveChessVersion "1.4.8"]
[BlackElo "2207"]
[WhiteElo "2614"]

1. e4 {[%clk 1:30:57]} c5 {[%clk 1:30:55]} 2. Nf3 {[%clk 1:31:19]} d6
{[%clk 1:31:20]} 3. d4 {[%clk 1:31:42]} Nf6 {[%clk 1:31:45]} 4. Nc3
{[%clk 1:31:58]} cxd4 {[%clk 1:32:09]} 5. Nxd4 {[%clk 1:32:22]} Nc6
{[%clk 1:32:28]} 6. Bg5 {[%clk 1:31:43]} e6 {[%clk 1:32:40]} 7. Qd2
{[%clk 1:31:12]} Be7 {[%clk 1:32:56]} 8. O-O-O {[%clk 1:28:50]} O-O
{[%clk 1:22:54]} 9. f4 {[%clk 1:16:55]} Nxd4 {[%clk 1:01:00]} 10. Qxd4
{[%clk 1:17:13]} Qa5 {[%clk 1:01:28]} 11. Kb1 {[%clk 1:05:33]} e5
{[%clk 0:46:54]} 12. Qd2 {[%clk 1:02:41]} Bg4 {[%clk 0:39:57]} 13. Be2
{[%clk 0:58:38]} Bxe2 {[%clk 0:38:04]} 14. Qxe2 {[%clk 0:58:51]} exf4
{[%clk 0:33:24]} 15. Bxf4 {[%clk 0:58:00]} Rfe8 {[%clk 0:27:31]} 16. g4
{[%clk 0:40:28]} Rac8 {[%clk 0:10:05]} 17. Bd2 {[%clk 0:34:32]} Qe5
{[%clk 0:09:17]} 18. g5 {[%clk 0:32:15]} Nd7 {[%clk 0:08:54]} 19. h4
{[%clk 0:30:28]} Bf8 {[%clk 0:07:46]} 20. Qf3 {[%clk 0:27:43]} Qe6
{[%clk 0:07:22]} 21. Bf4 {[%clk 0:26:51]} Rc6 {[%clk 0:06:42]} 22. Rh2
{[%clk 0:24:17]} Ne5 {[%clk 0:06:22]} 23. Bxe5 {[%clk 0:23:34]} dxe5
{[%clk 0:06:41]} 24. Nd5 {[%clk 0:22:47]} Rec8 {[%clk 0:04:03]} 25. h5
{[%clk 0:21:56]} Be7 {[%clk 0:02:34]} 26. Rg2 {[%clk 0:18:04]} Rf8
{[%clk 0:02:28]} 27. Qb3 {[%clk 0:16:13]} b6 {[%clk 0:02:25]} 28. Rf1
{[%clk 0:14:55]} Bd8 {[%clk 0:01:57]} 29. Qg3 {[%clk 0:12:20]} Rc4
{[%clk 0:01:31]} 30. Qf3 {[%clk 0:12:24]} Rc6 {[%clk 0:01:01]} 31. b3
{[%clk 0:08:09]} Be7 {[%clk 0:01:20]} 32. Qg3 {[%clk 0:08:02]} Kh8
{[%clk 0:00:59]} 33. Rf5 {[%clk 0:07:21]} Bd6 {[%clk 0:01:09]} 34. Qf3
{[%clk 0:06:34]} Rcc8 {[%clk 0:01:03]} 35. Rf2 {[%clk 0:04:48]} Kg8
{[%clk 0:01:00]} 36. h6 {[%clk 0:04:44]} Be7 {[%clk 0:00:42]} 37. hxg7
{[%clk 0:04:34]} Kxg7 {[%clk 0:01:08]} 38. Rf6 {[%clk 0:04:30]} Bxf6
{[%clk 0:00:43]} 39. gxf6+ {[%clk 0:04:53]} Kh8 {[%clk 0:01:02]} 40. Rh2
{[%clk 0:35:13]} Rg8 {[%clk 0:30:38]} 41. Rxh7+ 1-0

[Event "World Chess Olympiad 2018"]
[Site "Batumi"]
[Date "2018.09.24"]
[Round "1"]
[Board "4"]
[WhiteFideId "7300239"]
[White "Lorenzana Wilson Estuardo"]
[BlackFideId "1134167"]
[Black "Dragun Kamil"]
[Result "0-1"]
[LiveChessVersion "1.4.8"]
[BlackElo "2568"]
[WhiteElo "2292"]

1. e4 {[%clk 1:30:41]} c5 {[%clk 1:30:55]} 2. Nf3 {[%clk 1:30:50]} e6
{[%clk 1:31:19]} 3. d4 {[%clk 1:31:08]} cxd4 {[%clk 1:31:45]} 4. Nxd4
{[%clk 1:31:30]} a6 {[%clk 1:32:07]} 5. Nc3 {[%clk 1:31:55]} Qc7 {[%clk 1:32:12]}
6. g3 {[%clk 1:32:19]} Bb4 {[%clk 1:31:45]} 7. Nde2 {[%clk 1:31:03]} Nf6
{[%clk 1:31:49]} 8. Bg2 {[%clk 1:31:28]} Be7 {[%clk 1:32:11]} 9. O-O
{[%clk 1:29:37]} d6 {[%clk 1:32:07]} 10. h3 {[%clk 1:29:30]} Nc6 {[%clk 1:32:15]}
11. a4 {[%clk 1:29:56]} b6 {[%clk 1:30:38]} 12. Bf4 {[%clk 1:28:01]} Bb7
{[%clk 1:28:11]} 13. g4 {[%clk 1:27:13]} Ne5 {[%clk 1:23:58]} 14. Ng3
{[%clk 1:21:00]} h6 {[%clk 1:21:17]} 15. Qe2 {[%clk 1:15:58]} g5 {[%clk 1:15:03]}
16. Bc1 {[%clk 1:16:21]} Ng6 {[%clk 1:13:33]} 17. Rd1 {[%clk 1:13:21]} Nf4
{[%clk 1:08:25]} 18. Bxf4 {[%clk 1:13:39]} gxf4 {[%clk 1:08:53]} 19. Nf1
{[%clk 1:13:57]} h5 {[%clk 1:07:04]} 20. Rd4 {[%clk 1:09:49]} hxg4
{[%clk 1:02:53]} 21. hxg4 {[%clk 1:09:33]} Nd7 {[%clk 0:58:59]} 22. Rc4
{[%clk 0:58:00]} Qd8 {[%clk 0:56:28]} 23. Rd1 {[%clk 0:53:05]} Ne5
{[%clk 0:54:01]} 24. Rcd4 {[%clk 0:52:58]} Bf8 {[%clk 0:48:26]} 25. f3
{[%clk 0:50:17]} Qc7 {[%clk 0:42:23]} 26. Nd2 {[%clk 0:46:49]} Rc8
{[%clk 0:37:08]} 27. Bf1 {[%clk 0:43:16]} Qd8 {[%clk 0:27:53]} 28. Bg2
{[%clk 0:40:49]} Nc6 {[%clk 0:24:59]} 29. Rd3 {[%clk 0:31:03]} Nb4
{[%clk 0:24:57]} 30. Nb3 {[%clk 0:26:01]} Nxd3 {[%clk 0:25:22]} 31. Rxd3
{[%clk 0:26:28]} Bg7 {[%clk 0:24:50]} 32. Nd1 {[%clk 0:25:32]} Qc7
{[%clk 0:19:08]} 33. c3 {[%clk 0:25:56]} Bc6 {[%clk 0:18:55]} 34. Nd4
{[%clk 0:21:36]} Bxa4 {[%clk 0:18:59]} 35. Nf2 {[%clk 0:20:57]} Bb5
{[%clk 0:17:50]} 36. Nxb5 {[%clk 0:21:20]} axb5 {[%clk 0:18:18]} 37. Rd1
{[%clk 0:21:22]} Qc5 {[%clk 0:17:46]} 38. Kf1 {[%clk 0:21:45]} Be5
{[%clk 0:15:57]} 39. Nd3 {[%clk 0:21:49]} Qc4 {[%clk 0:16:10]} 40. Ra1
{[%clk 0:51:49]} Ke7 {[%clk 0:44:00]} 41. Kg1 {[%clk 0:51:00]} Ra8
{[%clk 0:42:16]} 42. Rc1 {[%clk 0:51:22]} b4 {[%clk 0:38:16]} 43. cxb4
{[%clk 0:50:07]} Qd4+ {[%clk 0:36:31]} 44. Kf1 {[%clk 0:45:27]} Rhc8
{[%clk 0:36:34]} 45. Rd1 {[%clk 0:44:39]} Qe3 {[%clk 0:35:58]} 0-1

[Event "World Chess Olympiad 2018"]
[Site "Batumi"]
[Date "2018.09.24"]
[Round "1"]
[Board "1"]
[WhiteFideId "13100050"]
[White "Rakotomaharo Fy Antenaina"]
[BlackFideId "719978"]
[Black "Erdos Viktor"]
[Result "1/2-1/2"]
[LiveChessVersion "1.4.8"]
[BlackElo "2609"]
[WhiteElo "2422"]

1. e4 {[%clk 1:30:57]} e5 {[%clk 1:30:47]} 2. Nf3 {[%clk 1:31:20]} Nc6
{[%clk 1:31:13]} 3. Bb5 {[%clk 1:31:43]} a6 {[%clk 1:31:33]} 4. Ba4
{[%clk 1:32:07]} Nf6 {[%clk 1:31:55]} 5. O-O {[%clk 1:32:21]} Be7
{[%clk 1:32:16]} 6. Re1 {[%clk 1:32:45]} b5 {[%clk 1:32:37]} 7. Bb3
{[%clk 1:33:11]} d6 {[%clk 1:32:52]} 8. c3 {[%clk 1:33:34]} O-O {[%clk 1:33:14]}
9. h3 {[%clk 1:34:01]} Re8 {[%clk 1:33:37]} 10. d4 {[%clk 1:33:59]} Bb7
{[%clk 1:34:02]} 11. Ng5 {[%clk 1:34:15]} Rf8 {[%clk 1:34:27]} 12. Nf3
{[%clk 1:34:36]} Re8 {[%clk 1:34:51]} 13. Ng5 {[%clk 1:33:49]} Rf8
{[%clk 1:35:10]} 14. Nf3 {[%clk 1:33:06]} Re8 {[%clk 1:26:08]} 15. Ng5
{[%clk 1:32:28]} Rf8 {[%clk 1:24:18]} 16. Nf3 {[%clk 1:32:08]} Re8
{[%clk 1:19:32]} 17. Ng5 {[%clk 1:32:31]} Rf8 {[%clk 1:19:57]} 18. Nf3
{[%clk 1:32:51]} 1/2-1/2

[Event "World Chess Olympiad 2018"]
[Site "Batumi"]
[Date "2018.09.24"]
[Round "1"]
[Board "2"]
[WhiteFideId "712779"]
[White "Gledura Benjamin"]
[BlackFideId "13100351"]
[Black "Ralison Milanto Harifidy"]
[Result "1-0"]
[LiveChessVersion "1.4.8"]
[BlackElo "2281"]
[WhiteElo "2621"]

1. Nf3 {[%clk 1:30:56]} Nf6 {[%clk 1:30:35]} 2. g3 {[%clk 1:31:09]} g6
{[%clk 1:30:56]} 3. b3 {[%clk 1:31:20]} Bg7 {[%clk 1:30:46]} 4. Bb2
{[%clk 1:31:42]} O-O {[%clk 1:30:27]} 5. Bg2 {[%clk 1:32:05]} d5 {[%clk 1:30:43]}
6. c4 {[%clk 1:32:13]} c6 {[%clk 1:30:57]} 7. O-O {[%clk 1:32:15]} Re8
{[%clk 1:29:09]} 8. d4 {[%clk 1:28:05]} a5 {[%clk 1:27:41]} 9. Nc3
{[%clk 1:27:17]} Ne4 {[%clk 1:27:23]} 10. e3 {[%clk 1:23:09]} f5 {[%clk 1:20:56]}
11. Ne5 {[%clk 1:18:56]} Be6 {[%clk 1:18:33]} 12. Ne2 {[%clk 1:15:03]} Nd7
{[%clk 1:04:33]} 13. Nf4 {[%clk 1:14:00]} Nf8 {[%clk 1:04:27]} 14. Qc2
{[%clk 1:11:36]} a4 {[%clk 1:02:23]} 15. f3 {[%clk 1:07:54]} a3 {[%clk 0:55:25]}
16. Bc1 {[%clk 1:05:55]} Nd6 {[%clk 0:52:40]} 17. Bd2 {[%clk 1:05:11]} Nf7
{[%clk 0:50:15]} 18. Nxe6 {[%clk 1:03:34]} Nxe6 {[%clk 0:50:35]} 19. f4
{[%clk 1:03:35]} Nxe5 {[%clk 0:40:53]} 20. dxe5 {[%clk 1:03:05]} Nc7
{[%clk 0:35:37]} 21. cxd5 {[%clk 0:55:35]} Nxd5 {[%clk 0:34:59]} 22. e4
{[%clk 0:55:27]} fxe4 {[%clk 0:34:42]} 23. Bxe4 {[%clk 0:56:18]} e6
{[%clk 0:31:53]} 24. Rae1 {[%clk 0:52:38]} Qb6+ {[%clk 0:25:05]} 25. Kh1
{[%clk 0:52:53]} Qd4 {[%clk 0:24:34]} 26. Re2 {[%clk 0:51:05]} Rad8
{[%clk 0:23:10]} 27. h4 {[%clk 0:50:34]} Ne7 {[%clk 0:14:23]} 28. Be3
{[%clk 0:50:07]} Qb4 {[%clk 0:09:46]} 29. Bc5 {[%clk 0:49:18]} Qb5
{[%clk 0:08:55]} 30. g4 {[%clk 0:45:20]} Nd5 {[%clk 0:06:22]} 31. Bd3
{[%clk 0:44:10]} Qa5 {[%clk 0:05:10]} 32. h5 {[%clk 0:43:39]} Nb4
{[%clk 0:01:56]} 33. Bxb4 {[%clk 0:43:54]} Qxb4 {[%clk 0:02:21]} 34. hxg6
{[%clk 0:44:01]} h6 {[%clk 0:01:49]} 35. f5 {[%clk 0:36:38]} exf5
{[%clk 0:00:40]} 36. gxf5 {[%clk 0:31:10]} Bxe5 {[%clk 0:00:42]} 37. Bc4+
{[%clk 0:31:03]} Rd5 {[%clk 0:00:41]} 38. f6 {[%clk 0:31:09]} 1-0

[Event "World Chess Olympiad 2018"]
[Site "Batumi"]
[Date "2018.09.24"]
[Round "1"]
[Board "3"]
[WhiteFideId "13100858"]
[White "Andriamasoandro Miora"]
[BlackFideId "702293"]
[Black "Almasi Zoltan"]
[Result "0-1"]
[LiveChessVersion "1.4.8"]
[BlackElo "2702"]
[WhiteElo "2126"]

1. e4 {[%clk 1:30:36]} c5 {[%clk 1:30:46]} 2. Ne2 {[%clk 1:29:55]} d6
{[%clk 1:29:23]} 3. g3 {[%clk 1:30:04]} Nc6 {[%clk 1:27:57]} 4. Bg2
{[%clk 1:29:15]} g6 {[%clk 1:27:58]} 5. c3 {[%clk 1:28:56]} Bg7 {[%clk 1:27:56]}
6. O-O {[%clk 1:28:19]} e5 {[%clk 1:26:35]} 7. d3 {[%clk 1:24:34]} Nge7
{[%clk 1:26:21]} 8. Bg5 {[%clk 1:23:44]} h6 {[%clk 1:20:41]} 9. Be3
{[%clk 1:23:41]} b6 {[%clk 1:19:45]} 10. Qd2 {[%clk 1:16:13]} Ba6
{[%clk 1:17:10]} 11. Rd1 {[%clk 1:15:32]} d5 {[%clk 1:09:48]} 12. exd5
{[%clk 1:07:28]} Nxd5 {[%clk 1:09:57]} 13. c4 {[%clk 1:00:54]} Nde7
{[%clk 1:09:57]} 14. Nbc3 {[%clk 1:00:09]} Qd7 {[%clk 1:03:53]} 15. a3
{[%clk 0:56:48]} Bb7 {[%clk 1:00:46]} 16. b4 {[%clk 0:53:49]} Nd4
{[%clk 0:59:49]} 17. Bxb7 {[%clk 0:52:36]} Qxb7 {[%clk 1:00:11]} 18. Bxd4
{[%clk 0:52:25]} cxd4 {[%clk 1:00:34]} 19. Ne4 {[%clk 0:49:49]} O-O
{[%clk 1:00:41]} 20. a4 {[%clk 0:36:59]} f5 {[%clk 0:56:51]} 21. Nd6
{[%clk 0:37:19]} Qc6 {[%clk 0:56:52]} 22. Nb5 {[%clk 0:36:54]} a6
{[%clk 0:56:24]} 23. Na3 {[%clk 0:37:12]} f4 {[%clk 0:49:49]} 24. b5
{[%clk 0:33:45]} Qd7 {[%clk 0:42:19]} 25. Qe1 {[%clk 0:30:06]} Qh3
{[%clk 0:36:51]} 26. Nc1 {[%clk 0:26:24]} Nf5 {[%clk 0:35:51]} 27. Qf1
{[%clk 0:22:29]} Qh5 {[%clk 0:36:07]} 28. Qe2 {[%clk 0:22:37]} f3
{[%clk 0:35:40]} 29. Qe1 {[%clk 0:19:11]} Ne3 {[%clk 0:33:08]} 30. Rd2
{[%clk 0:12:23]} Ng4 {[%clk 0:33:14]} 31. h4 {[%clk 0:10:44]} g5 {[%clk 0:33:41]}
32. Qf1 {[%clk 0:09:50]} gxh4 {[%clk 0:34:08]} 33. Qh3 {[%clk 0:10:05]} Rf5
{[%clk 0:34:34]} 34. gxh4 {[%clk 0:07:46]} Bf6 {[%clk 0:35:00]} 35. Raa2
{[%clk 0:02:37]} Bxh4 {[%clk 0:34:51]} 36. Kh1 {[%clk 0:01:05]} Bxf2
{[%clk 0:35:15]} 0-1

[Event "World Chess Olympiad 2018"]
[Site "Batumi"]
[Date "2018.09.24"]
[Round "1"]
[Board "4"]
[WhiteFideId "718572"]
[White "Berkes Ferenc"]
[BlackFideId "13100424"]
[Black "Rajaonarison Faniry"]
[Result "1/2-1/2"]
[LiveChessVersion "1.4.8"]
[BlackElo "2126"]
[WhiteElo "2678"]

1. d4 {[%clk 1:30:51]} Nf6 {[%clk 1:30:45]} 2. Nf3 {[%clk 1:31:13]} g6
{[%clk 1:30:36]} 3. g3 {[%clk 1:29:02]} Bg7 {[%clk 1:30:46]} 4. Bg2
{[%clk 1:29:27]} O-O {[%clk 1:30:57]} 5. O-O {[%clk 1:29:51]} d6 {[%clk 1:30:16]}
6. Nc3 {[%clk 1:28:28]} Nbd7 {[%clk 1:29:27]} 7. e4 {[%clk 1:28:51]} e5
{[%clk 1:29:29]} 8. Re1 {[%clk 1:28:59]} c6 {[%clk 1:28:29]} 9. a4
{[%clk 1:29:23]} Qc7 {[%clk 1:27:20]} 10. h3 {[%clk 1:28:35]} Rd8
{[%clk 1:25:54]} 11. Be3 {[%clk 1:21:59]} Nf8 {[%clk 1:23:11]} 12. Qd2
{[%clk 1:21:47]} Bd7 {[%clk 1:22:16]} 13. Rad1 {[%clk 1:21:06]} Ne6
{[%clk 1:19:04]} 14. Bh6 {[%clk 1:06:51]} Bh8 {[%clk 1:19:15]} 15. Qe3
{[%clk 1:03:51]} Qa5 {[%clk 1:10:28]} 16. Qd2 {[%clk 0:56:43]} Qc7
{[%clk 1:07:35]} 17. Qe3 {[%clk 0:55:02]} Qa5 {[%clk 1:05:13]} 18. g4
{[%clk 0:52:10]} exd4 {[%clk 0:46:47]} 19. Nxd4 {[%clk 0:51:29]} Nxd4
{[%clk 0:47:02]} 20. Rxd4 {[%clk 0:51:53]} Bxg4 {[%clk 0:47:19]} 21. e5
{[%clk 0:50:28]} dxe5 {[%clk 0:43:50]} 22. Rxd8+ {[%clk 0:49:15]} Rxd8
{[%clk 0:43:48]} 23. hxg4 {[%clk 0:49:39]} Nxg4 {[%clk 0:44:05]} 24. Qh3
{[%clk 0:50:02]} Nxh6 {[%clk 0:44:23]} 25. Qxh6 {[%clk 0:50:26]} f5
{[%clk 0:40:24]} 26. Qh4 {[%clk 0:48:35]} Qc7 {[%clk 0:37:17]} 27. Rd1
{[%clk 0:47:35]} Rxd1+ {[%clk 0:34:46]} 28. Nxd1 {[%clk 0:47:59]} e4
{[%clk 0:34:06]} 29. c3 {[%clk 0:48:23]} Qd6 {[%clk 0:33:59]} 30. Ne3
{[%clk 0:40:30]} Bf6 {[%clk 0:34:10]} 31. Qh3 {[%clk 0:40:08]} b6
{[%clk 0:26:19]} 32. Bf1 {[%clk 0:39:39]} Be7 {[%clk 0:20:32]} 33. Qh6
{[%clk 0:35:38]} Qf6 {[%clk 0:14:55]} 34. Bc4+ {[%clk 0:33:49]} Kh8
{[%clk 0:15:15]} 35. Kf1 {[%clk 0:34:09]} Bf8 {[%clk 0:14:50]} 36. Qh3
{[%clk 0:32:15]} Bc5 {[%clk 0:14:51]} 37. b4 {[%clk 0:26:47]} Bf8
{[%clk 0:10:21]} 38. b5 {[%clk 0:27:10]} cxb5 {[%clk 0:10:23]} 39. axb5
{[%clk 0:27:31]} Qxc3 {[%clk 0:10:10]} 40. Qg3 {[%clk 0:57:15]} Bc5
{[%clk 0:38:58]} 41. Qc7 {[%clk 0:53:02]} h5 {[%clk 0:23:11]} 42. Qxa7
{[%clk 0:48:48]} Bxe3 {[%clk 0:17:26]} 43. Qf7 {[%clk 0:49:03]} Qg7 44. Qe8+
{[%clk 0:49:26]} Kh7 {[%clk 0:18:11]} 45. fxe3 {[%clk 0:49:49]} Qc3
{[%clk 0:13:28]} 46. Qf7+ {[%clk 0:49:35]} Kh6 {[%clk 0:13:25]} 47. Qf8+
{[%clk 0:42:59]} Kg5 {[%clk 0:13:48]} 48. Qd8+ {[%clk 0:43:23]} Kh6
{[%clk 0:14:08]} 49. Qd4 {[%clk 0:42:37]} Qxd4 {[%clk 0:12:49]} 50. exd4
{[%clk 0:42:59]} g5 {[%clk 0:13:06]} 51. d5 {[%clk 0:33:33]} Kg7 {[%clk 0:13:24]}
52. d6 {[%clk 0:33:56]} Kf6 {[%clk 0:13:47]} 53. Bd5 {[%clk 0:25:37]} h4
{[%clk 0:13:03]} 54. d7 {[%clk 0:19:37]} Ke7 {[%clk 0:13:25]} 55. Be6
{[%clk 0:20:02]} f4 {[%clk 0:13:21]} 56. Bg4 {[%clk 0:20:12]} Kd8
{[%clk 0:13:26]} 57. Kg2 {[%clk 0:19:44]} e3 {[%clk 0:13:25]} 58. Kf3
{[%clk 0:19:20]} Ke7 {[%clk 0:13:44]} 59. Bh3 {[%clk 0:17:36]} Kd8
{[%clk 0:13:58]} 60. Bg4 {[%clk 0:17:47]} 1/2-1/2

[Event "World Chess Olympiad 2018"]
[Site "Batumi"]
[Date "2018.09.24"]
[Round "1"]
[Board "1"]
[WhiteFideId "24116068"]
[White "Giri Anish"]
[BlackFideId "5300118"]
[Black "Eid Fadi"]
[Result "1-0"]
[LiveChessVersion "1.4.8"]
[BlackElo "2328"]
[WhiteElo "2780"]

1. Nf3 {[%clk 1:30:56]} Nc6 {[%clk 1:30:43]} 2. d4 {[%clk 1:31:16]} d5
{[%clk 1:30:58]} 3. e3 {[%clk 1:31:20]} Bg4 {[%clk 1:31:17]} 4. Bb5
{[%clk 1:30:59]} e6 {[%clk 1:31:39]} 5. Nbd2 {[%clk 1:28:06]} Bd6
{[%clk 1:11:38]} 6. h3 {[%clk 1:27:31]} Bh5 {[%clk 1:10:02]} 7. c4
{[%clk 1:12:57]} dxc4 {[%clk 1:08:40]} 8. Bxc6+ {[%clk 1:12:23]} bxc6
{[%clk 1:09:07]} 9. Qa4 {[%clk 1:12:46]} Ne7 {[%clk 1:07:54]} 10. O-O
{[%clk 1:12:49]} O-O {[%clk 1:08:06]} 11. Qxc4 {[%clk 1:13:10]} Bg6
{[%clk 0:47:49]} 12. b3 {[%clk 1:10:18]} Qb8 {[%clk 0:36:21]} 13. Nh4
{[%clk 1:06:05]} Qb5 {[%clk 0:31:13]} 14. Nxg6 {[%clk 1:06:20]} Nxg6
{[%clk 0:29:15]} 15. Bb2 {[%clk 1:00:18]} Bb4 {[%clk 0:23:40]} 16. Ne4
{[%clk 0:57:31]} Qxc4 {[%clk 0:23:52]} 17. bxc4 {[%clk 0:57:56]} Be7
{[%clk 0:23:29]} 18. Rab1 {[%clk 0:55:27]} Rfd8 {[%clk 0:17:33]} 19. Bc3
{[%clk 0:52:49]} f5 {[%clk 0:14:12]} 20. Nc5 {[%clk 0:47:13]} Bxc5
{[%clk 0:14:10]} 21. dxc5 {[%clk 0:47:41]} Rd3 {[%clk 0:12:10]} 22. Rfc1
{[%clk 0:46:27]} Rad8 {[%clk 0:07:27]} 23. Kh2 {[%clk 0:39:39]} e5
{[%clk 0:03:59]} 24. a3 {[%clk 0:34:22]} a6 {[%clk 0:02:54]} 25. Rb7
{[%clk 0:34:38]} Rd1 {[%clk 0:02:47]} 26. Rxd1 {[%clk 0:33:15]} Rxd1
{[%clk 0:03:10]} 27. Rxc7 {[%clk 0:33:42]} Rc1 {[%clk 0:03:26]} 28. Bb4
{[%clk 0:33:47]} 1-0